New light on the Sun temple of Konarka - four unpublished manuscripts relating to construction history and ritual of thi (Record no. 11332)

MARC details
000 -LEADER
fixed length control field 00782nam a2200217Ia 4500
003 - CONTROL NUMBER IDENTIFIER
control field IN-BaIIA
008 - FIXED-LENGTH DATA ELEMENTS--GENERAL INFORMATION
fixed length control field 211028s9999 xx 000 0 eng d
040 ## - CATALOGING SOURCE
Transcribing agency IIA Library
080 ## - UNIVERSAL DECIMAL CLASSIFICATION NUMBER
Universal Decimal Classification number 726.1(091)
Item number BON
100 ## - MAIN ENTRY--PERSONAL NAME
Personal name Boner, Alice
9 (RLIN) 19465
245 #0 - TITLE STATEMENT
Title New light on the Sun temple of Konarka - four unpublished manuscripts relating to construction history and ritual of thi
Statement of responsibility, etc. Alice Boner, Sadasiva Rath Sarma and Rajendra Prasāda Dāsa
260 ## - PUBLICATION, DISTRIBUTION, ETC.
Place of publication, distribution, etc. Varanasi
Name of publisher, distributor, etc. Chowkhamba Sanskrit Series Office
Date of publication, distribution, etc. 1972
300 ## - PHYSICAL DESCRIPTION
Extent [various pagings.]
650 ## - SUBJECT ADDED ENTRY--TOPICAL TERM
Topical term or geographic name entry element Astronomy and astrophysics thesaurus
650 ## - SUBJECT ADDED ENTRY--TOPICAL TERM
Topical term or geographic name entry element History
9 (RLIN) 7064
650 ## - SUBJECT ADDED ENTRY--TOPICAL TERM
Topical term or geographic name entry element Konarka
9 (RLIN) 19466
650 ## - SUBJECT ADDED ENTRY--TOPICAL TERM
Topical term or geographic name entry element Sun temple
9 (RLIN) 19467
700 ## - ADDED ENTRY--PERSONAL NAME
Personal name Das, Rajendra Prasad
9 (RLIN) 19468
700 ## - ADDED ENTRY--PERSONAL NAME
Personal name Sarma, Sadasiva Rath
9 (RLIN) 19469
942 ## - ADDED ENTRY ELEMENTS (KOHA)
Koha item type Books
Holdings
Withdrawn status Lost status Damaged status Not for loan Home library Current library Shelving location Date acquired Total Checkouts Full call number Barcode Date last seen Price effective from Koha item type
        IIA Library-Bangalore IIA Library-Bangalore General Stacks 20/03/1995   726.1(091)/ BON 12247 05/11/2021 20/03/1995 Books

Powered by Koha